Missing Word: Leonardo DiCaprio A-Z Quiz Stats

 Plays Quiz Updated Dec 25, 2017

Challenge
Share
Tweet
Embed
Score 0/20 Timer 03:00
0 Plays Today
Clue Word % Correct
The ___ GatsbyGreat
99%
Romeo + ___Juliet
98.9%
Gangs of ___ YorkNew
98.6%
Catch Me If ___ CanYou
98.2%
The Wolf ___ Wall StreetOf
98.2%
The Man in the ___ MaskIron
94.3%
Django ___Unchained
93.9%
___ Eating Gilbert GrapeWhat's
93.1%
___ EclipseTotal
90.6%
Blood ___Diamond
85.3%
Clue Word % Correct
___ IslandShutter
84.8%
The ___ and the DeadQuick
81.7%
J. ___Edgar
81%
Body of ___Lies
66.1%
The ___Aviator
65%
___ RoadRevolutionary
61.5%
The ___ DiariesBasketball
55.4%
___ RoomMarvin's
32.5%
___ 3Critters
13%
Don's ___Plum
10.8%

Today's Daily Dose

Missing Word
Entertainment 'M'

Word Ladder
North Carolina

On This Day
January 16th II

You're not logged in!

Compare scores with friends on all Sporcle quizzes.
OR
Log In

You Might Also Like...

Show Comments

Extras

Top Quizzes Today


Score Distribution

Your Account Isn't Verified!

In order to create a playlist on Sporcle, you need to verify the email address you used during registration. Go to your Sporcle Settings to finish the process.

Report this User

Report this user for behavior that violates our Community Guidelines.

Details: